Statistics for Presidents in Order

Click here to take the quiz!

General Stats

  • This quiz has been taken 667 times
  • The average score is 34 of 44

Answer Stats

HintAnswer% Correct
1789-1797George Washington1
100%
1797-1801John Adams2
98%
1801-1809Thomas Jefferson3
97%
1809-1817James Madison4
95%
1817-1825James Monroe5
92%
1861-1865Abraham Lincoln16
85%
1829-1837Andrew Jackson7
83%
1825-1829John Quincy Adams6
80%
1961-1963John F Kennedy35
79%
1993-2001William Clinton42
79%
1865-1869Andrew Johnson17
78%
2009 -Barack Obama44
78%
1989-1993George Bush Sr41
78%
1969-1974Richard Nixon37
78%
1981-1989Ronald Reagan40
78%
1869-1877Ulysses S Grant18
78%
1841William Harrison9
78%
1953-1961Dwight D Eisenhower34
77%
1977-1981James Carter39
77%
1841-1845John Tyler10
77%
1837-1841Martin Van Buren8
77%
1974-1977Gerald Ford38
76%
1845-1849James K Polk11
76%
1945-1953Harry Truman33
75%
1913-1921Woodrow Wilson28
75%
2001-2009George W Bush43
74%
1929-1933Herbert Hoover31
74%
1963-1969Lyndon B Johnson36
74%
1849-1850Zachary Taylor12
74%
1857-1861James Buchanan15
73%
1923-1929Calvin Coolidge30
72%
1881James Garfield20
72%
1933-1945Franklin D Roosevelt32
71%
1885-1889Grover Cleveland22
71%
1850-1853Millard Fillmore13
70%
1877-1881Rutherford B Hayes19
70%
1921-1923Warren Harding29
70%
1853-1857Franklin Pierce14
69%
1909-1913William Taft27
69%
1881-1885Chester A Arthur21
67%
1901-1909Theodore Roosevelt26
67%
1897-1901William McKinley25
67%
1893-1897Grover Cleveland24
60%
1889-1893Benjamin Harrison23
54%

Score Distribution

Percentile by Number Answered

Percent of People with Each Score

Your Score History

You have not taken this quiz